00897cam a2200217 a 450000100100000000500170001000800410002704000250006804100380009308200150013110000300014624000640017624501200024026000470036030000250040750400340043253400740046604900090054095201130054999900170066200002545120200930023810.0901219s1987 xxu 000 | spa d aDO-SdBNPbspacBNPHU aspaheng2Código de idioma MARC axxxbH875d1 aHubbard, L. Ronald952064 0aDianetics : the modern science of mental health.lEspañol10aDianética :bla ciencia moderna de la salud mental : un manual de técnicas de dianética /cL. Ronald Hubbard. aLos Angeles :bBridge Publications,c1987. axi, 619 p. ;c18 cm. aIncluye glosario : p. 577-591 aTítulo original :tDianetics : the modern science of mental health. aBNGR 001050718MOaGRbGRcCTd2011-02-16iLF1l0oxxx H875dp25451-10r2020-06-25w2020-06-25y1ZNo se presta c24943d24943